| 000 | 009830000a22002770004500 | ||
|---|---|---|---|
| 001 | 50625 | ||
| 010 | _a972-730-141-X | ||
| 021 |
_aPT _b147459/2000 |
||
| 100 | _a20131226d2013 e y0pory5003 ba | ||
| 101 | 0 | _apor | |
| 102 | _aPT | ||
| 200 | 1 |
_aO segredo do crocodilo _eum livro sobre o reconhecimento dos nossos erros _ftrad. cristina Soeiro |
|
| 210 |
_aRio Tinto _cMarus _d2000 |
||
| 215 |
_a29, [2] p. _cil. _d31 cm |
||
| 225 | 2 | _aBiblioteca de valores | |
| 606 |
_92108 _aLiteratura infantojuvenil _xconto |
||
| 606 |
_9150 _aAmizade --[ Publicações infantis] _xComportamento -- [Publicações infantis] |
||
| 675 |
_a821.111(73)-34 _vBN _zpor |
||
| 675 |
_a17.02 _vBN _zpor |
||
| 675 |
_a087.5-053.5 _vBN _zpor |
||
| 702 | 1 |
_943687 _4730 _aSoeiro _bCristina |
|
| 801 |
_aPT _c20131226 |
||
| 859 |
_uhttp://catalogo.bmel.pt/multimedia/bmg/thumbs/5417_big.jpg _zcapa |
||
| 090 | _a50625 | ||
| 942 |
_cMON _n0 |
||
| 999 | _a50625 | ||